| 000 | 00404nam a2200157Ia 4500 | ||
|---|---|---|---|
| 008 | 220204s9999 xx 000 0 und d | ||
| 082 |
_a577.25 _bGOR |
||
| 100 | _aCOHEN, Melvin J | ||
| 245 | 0 | _aGravity and the organism | |
| 260 |
_aChicago _bUniversity of Chicago _c1971 |
||
| 650 | _aGeotropism | ||
| 650 | _aGravimorphism | ||
| 650 | _aGravity receptor | ||
| 700 | _aGORDON, Solon A | ||
| 942 | _cBK | ||
| 999 |
_c26896 _d26896 |
||